000 01130cam a22003377a 4500
003 CHAP
005 20220329141049.0
008 971013d1991 mx a r 00110 spa d
010 _a62087
011 _a63059
020 _a8476157312
035 _a67235
040 _cCHAP
082 0 4 _a080
_bS45Y v.3
100 0 0 _aWood, Robert.
_9122533
245 1 0 _aMagnetismo
_b: de la brújula a los imanes superconductores
260 _aMéxico, D. F. :
_bMcGraw-Hill,
_c1991
300 _a208 p.
_b: ilus.
490 0 _aSerie McGraw-Hill de divulgación científica
_v; 3
590 _aBATCH-UPD
_b10
_c20130110
_lUCH01
_h0335
590 _aBATCH-UPD
_b10
_c20130110
_lUCH01
_h1736
590 _aBATCH-UPD
_b10
_c20130410
_lUCH01
_h0008
590 _aBATCH-UPD
_b10
_c20130914
_lUCH01
_h1256
590 _aCONVERSION
_b10
_c20130109
_lUCH01
_h1333
650 1 4 _aElectromagnetismo.
_936238
650 1 4 _aMagnetismo.
_969857
830 0 _aSerie McGraw-Hill de divulgación científica
_v; 3
_9104963
901 _aBK
942 _cLIBRO
949 _a080 S45Y v.3
_bBC
_cLIBRO
_d33724000732186
_eLIBRO
_gI. c/e
_h91580
_i67235
_kReposiciØn
_si
_t74.00
999 _c62087
_d62087